000 00604nam a2200229Ia 4500
003 OSt
005 20221007071210.0
006 a|||||r|||| 00| 0
007 ta
008 221006b |||||||| |||| 00| 0 eng d
024 _a26,371
037 _cTextual
040 _aFLL
_cFLL
_beng
041 _2eng
_aeng
082 _aL0Z3, L7
100 _aWood Clive Ed.
_9688299
245 0 _aInfluence of litigation on medical practice
260 _aLondon
_bAcademic Press UK
_c1977
300 _a215p
_ccm.
942 _hL0Z3, L7
_cTEXL
_2CC
999 _c1142730
_d1142730